One Direction - Chansons de l'album Made in the A.M. - Statistiques

Statistiques générales
  • Ce quiz a été pris 117 fois
  • Le résultat moyen est 12 sur 17
Statistiques - réponses
Hint Réponse % Correct
Made in the A.M. Drag Me Down
93%
Made in the A.M. History
86%
Made in the A.M.Édition Deluxe A.M.
83%
Made in the A.M. Perfect
82%
Made in the A.M. If I Could Fly
79%
Made in the A.M.Édition Deluxe Wolves
78%
Made in the A.M. Olivia
76%
Made in the A.M. Infinity
74%
Made in the A.M.Édition Deluxe Walking in the Wind
67%
Made in the A.M. End of the Day
64%
Made in the A.M. Never Enough
64%
Made in the A.M. Hey Angel
63%
Made in the A.M. Love You, Goodbye
62%
Made in the A.M. I Want to Write You a Song
61%
Made in the A.M.Édition Deluxe Temporary Fix
61%
Made in the A.M. Long Way Down
50%
Made in the A.M. What a Feeling
50%
Aucun quiz correspondant
Distribution des résultats
% des personnes avec chaque résultat
Percentile par nombre de réponses
Votre historique - résultats
Vous n’avez pas pris ce quiz